SOME OBSERVATIONS CONCERNING THE DEVELOPMENT OF THE MANGROVE SWAMPS ON THE CONTINENTAL COAST OS ECUADOR AND TUMBEZ (PERU) (Registro nro. 212417)
[ vista simple ]
| 000 -LEADER | |
|---|---|
| campo de control de longitud fija | 00495nam a2200181Ia 4500 |
| 005 - FECHA Y HORA DE LA ÚLTIMA TRANSACCIÓN | |
| campo de control | 20250425161613.0 |
| 008 - DATOS DE LONGITUD FIJA--INFORMACIÓN GENERAL | |
| campo de control de longitud fija | 250425s9999 xx 000 0 und d |
| 041 ## - CÓDIGO DE IDIOMA | |
| Código de lengua del texto/banda sonora o título independiente | eng |
| 082 ## - NÚMERO DE LA CLASIFICACIÓN DECIMAL DEWEY | |
| Número de clasificación | 574.52632 |
| 010 ## - NÚMERO DE CONTROL DE LA BIBLIOTECA DEL CONGRESO | |
| Número de control de LC | 24073 |
| 100 ## - ENTRADA PRINCIPAL--NOMBRE DE PERSONA | |
| Nombre de persona | S, A A |
| 245 #0 - MENCIÓN DEL TÍTULO | |
| Título | SOME OBSERVATIONS CONCERNING THE DEVELOPMENT OF THE MANGROVE SWAMPS ON THE CONTINENTAL COAST OS ECUADOR AND TUMBEZ (PERU) |
| 250 ## - MENCION DE EDICION | |
| Mención de edición | S.E. |
| 260 ## - PUBLICACIÓN, DISTRIBUCIÓN, ETC. | |
| Lugar de publicación, distribución, etc. | Ecuador |
| Nombre del editor, distribuidor, etc. | ESPOL |
| Fecha de publicación, distribución, etc. | 1981 |
| 260 ## - PUBLICACIÓN, DISTRIBUCIÓN, ETC. | |
| Lugar de publicación, distribución, etc. | GUAYAQUIL |
| 500 ## - NOTA GENERAL | |
| Nota general | FOLLETO |
| 942 ## - ELEMENTOS DE ENTRADA SECUNDARIOS (KOHA) | |
| Tipo de ítem Koha | Libros |
| Estatus retirado | Estado de pérdida | Estado de daño | No para préstamo | Biblioteca de origen | Biblioteca actual | Fecha de adquisición | Coste, precio normal de compra | Total de préstamos | Código de barras | Copia número | Tipo de ítem Koha |
|---|---|---|---|---|---|---|---|---|---|---|---|
| CENTRO DE INFORMACIÓN BIBLIOTECARIA | CENTRO DE INFORMACIÓN BIBLIOTECARIA | 26/06/1998 | 0.01 | 13294 | 1 | Libros | |||||
| CENTRO DE INFORMACIÓN BIBLIOTECARIA | CENTRO DE INFORMACIÓN BIBLIOTECARIA | 26/06/1998 | 0.01 | 13295 | 2 | Libros |